Účtovníctvo vo vnútornom a zahraničnom obchode zbierka schém a príkladov

Bibliographic Details
Main Authors: Sedláček, Jozef, 1924-2021 (Author), Polakovič, Karol, 1929- (Author)
Format: Book
Language:Slovak
PhysicalDescription:174 s. sch., tab. 29 cm
Published: Bratislava Vysoká škola ekonomická 1979
Edition:1. vyd.
Series:Vysokoškolské skriptá
Subjects:

MARC

LEADER 00000cam a2200000 a 4500
001 vtls001116770
003 SK-MaSNL
005 20260301001602.0
008 250313s1979 xo a p 000 0 slo
015 |a SNBA1979 
035 |a SNK000059613 
035 |a urn:nbn:sk:snk-aml708 
035 |a urn:nbn:sk:snk-am008u2m 
035 |a 46D27ED8-C9E7-4B9C-8D00-67DC664A1483 
040 |a SNK  |b slo  |c SNK  |e AACR2 
041 0 |a slo 
044 |a xo  |c SK 
080 |a 657.1:339.3/.5(075.8)(076.5)  |2 1981 
080 |a 339.3/.5(075.8)(076.5)  |2 1981 
080 |a 339.3/.5  |2 1981 
080 |a 657.1(075.8)(076.5)  |2 1981 
100 1 |a Sedláček, Jozef,  |d 1924-2021  |4 aut  |9 46696 
245 1 0 |a Účtovníctvo vo vnútornom a zahraničnom obchode  |b zbierka schém a príkladov  |c Jozef Sedláček, Karol Polakovič 
250 |a 1. vyd. 
260 |a Bratislava  |b Vysoká škola ekonomická  |c 1979 
300 |a 174 s.  |b sch., tab.  |c 29 cm 
490 1 |a Vysokoškolské skriptá 
650 0 7 |a účtovníctvo  |2 SNKPH  |9 649 
655 7 |a učebnice vysokých škôl  |2 SNKPH  |9 70191 
700 1 |a Polakovič, Karol,  |d 1929-  |4 aut  |9 16514 
830 0 |a Vysokoškolské skriptá  |9 276440 
852 |a Slovenská národná knižnica 
958 |a OND 
958 |a RM 
958 |a UV 
999 |c 535238  |d 537168 
952 |a SNK  |b SNK  |y PREZ  |7 0  |p 17A0972441  |o snkSB 28729  |i snkKSP 5707/79  |0 0  |1 0  |4 0  |d 2014-08-27  |f 1  |l 0  |r 2026-02-23 12:23:00  |w 2026-02-23 
952 |a SNK  |b SNK  |y VYP  |7 0  |o snkSB 28729 D1  |i snkKSP 5708/79  |0 0  |1 0  |4 0  |d 2014-08-27  |l 0  |r 2026-02-23 12:23:00  |w 2026-02-23